000 00852cam a2200241 a 4500
001 000024496
005 20200930023214.0
008 850726s1963 pr 000 p spa d
040 _aDO-SdBNP
_bspa
_cBNPHU
082 _aPR861.4
_bD259v, 1963
100 1 _aDávila, Virgilio,
_d1869-1943.
_940808
245 1 0 _aViviendo y amando /
_cVirgilio Dávila ; prólogo Romualdo Real ; nota crítica Cesáreo Rosa-Nieves.
250 _a2a ed.
260 _aSan Juan, (Puerto Rico) :
_bEditorial Cordillera,
_c1963.
300 _a144 p. ;
_c18 cm.
490 1 _aLos Grandes Escritores de Puerto Rico
650 4 _aPoesía puertorriqueña
_91015
650 4 _aLiteratura puertorriqueña
_9250
700 1 _aReal, Romualdo
_epról.
_950201
700 1 _aRosa-Nieves, Cesáreo.
_93522
830 0 _aLos Grandes Escritores de Puerto Rico
_94237
049 _aBNGR
999 _c23989
_d23989